|
|
|
|
| LEADER |
00000nas a2200000 a 4500 |
| 001 |
ssj0001454273 |
| 003 |
WaSeSS |
| 005 |
20200512172242.0 |
| 006 |
m d |
| 007 |
cr n |
| 008 |
950301d19952017nyumr p s 0 a0eng c |
| 010 |
|
|
|a sn 95006105
|
| 016 |
7 |
|
|a 9704965
|2 DNLM
|
| 016 |
7 |
|
|a SR0088931
|2 DNLM
|
| 022 |
|
|
|l 1081-3829
|y 1081-3829
|
| 030 |
|
|
|a IJMFFT
|
| 035 |
|
|
|a (WaSeSS)ssj0001454273
|
| 037 |
|
|
|b Nova Science Publishers, Inc., 6080 Jericho Turnpike, Ste. 207, Commack, N.Y. 11725
|c $385.00
|
| 040 |
|
|
|a NSD
|b eng
|c NSD
|d CAS
|d NLM
|d OCLCQ
|d NLM
|d OHDNW
|d OCLCF
|d OCLCO
|d OCLCQ
|d OCLCO
|d OCLCQ
|d OCLCO
|d DLC
|d WaSeSS
|
| 042 |
|
|
|a nsdp
|a pcc
|
| 060 |
0 |
0 |
|a W1
|b IN769RH
|
| 082 |
1 |
0 |
|a 610
|2 12
|
| 210 |
0 |
|
|a Int. j. med. biol. front.
|
| 222 |
|
0 |
|a International journal of medical and biological frontiers
|
| 245 |
0 |
0 |
|a International journal of medical and biological frontiers
|h [electronic resource].
|
| 260 |
|
|
|a Commack, N.Y. :
|b Nova Science Publishers, Inc.,
|c ©1995-
|
| 310 |
|
|
|a Monthly,
|b 2009-
|
| 321 |
|
|
|a Quarterly,
|b 1995-2009
|
| 362 |
0 |
|
|a Vol. 1, no. 1 (1995)-
|
| 362 |
1 |
|
|a Ceased with Dec. 2017.
|
| 500 |
|
|
|a Title from cover.
|
| 506 |
|
|
|a License restrictions may limit access.
|
| 588 |
|
|
|a Latest issue consulted: Vol. 2, no. 1/2 (1996).
|
| 650 |
|
0 |
|a Medical sciences
|v Periodicals.
|
| 650 |
0 |
2 |
|a Biological Science Disciplines.
|
| 650 |
0 |
2 |
|a Medicine.
|
| 650 |
|
7 |
|a Medical sciences.
|2 fast
|0 (OCoLC)fst01014601
|
| 655 |
|
0 |
|a Electronic journals.
|
| 850 |
|
|
|a DNLM
|
| 856 |
4 |
0 |
|z Full text available from Research Library: 01/01/2011 to 01/31/2017
|u https://search.proquest.com/publication/2034862
|